KFZ-Kennzeichen zuordnen Deutschland - Statistiken

Allgemein
  • Dieses Quiz wurde 60 mal gespielt
  • Das Durchschnittsergebnis liegt bei 113 aus 408
Antwortstatistiken
Stadt bzw. Landkreis bzw. Zulassungsbezirk Bundesland KFZ-Kennzeichen % Korrekt
Städteregion Aachen Nordrhein-Westfalen AC
98%
Landkreis Ahrweiler Rheinland-Pfalz AW
70%
Landkreis Aichach-Friedberg Bayern AIC
57%
Stadt Augsburg Bayern A
55%
Landkreis Augsburg Bayern A
55%
Stadt Amberg Bayern AM
55%
Stadt Bonn Nordrhein-Westfalen BN
53%
Stadt Bochum Nordrhein-Westfalen BO
53%
Bundeshauptstadt Berlin Berlin B
51%
Stadt Bielefeld Nordrhein-Westfalen BI
51%
Stadt Aschaffenburg Bayern AB
49%
Stadt Chemnitz Sachsen C
49%
Landeshauptstadt Düsseldorf Nordrhein-Westfalen D
49%
Stadt Duisburg Nordrhein-Westfalen DU
49%
Hansestadt Bremen Bremen HB
49%
Landkreis München Bayern M
49%
Landkreis Altötting Bayern
47%
Landkreis Bamberg Bayern BA
47%
Stadt Braunschweig Niedersachsen BS
47%
Landkreis Celle Niedersachsen CE
47%
Stadt Coburg Bayern CO
47%
Landkreis Coburg Bayern CO
47%
Landkreis Cuxhaven Niedersachsen CUX
47%
Landeshauptstadt Dresden Sachsen DD
47%
Stadt Dortmund Nordrhein-Westfalen DO
47%
Stadt Frankfurt am Main Hessen F
47%
Region Hannover Niedersachsen H
47%
Hansestadt Hamburg Hamburg HH
47%
Stadt Ingolstadt Bayern IN
47%
Stadt Jena Thüringen J
47%
Landeshauptstadt München Bayern M
47%
Stadtkreis Mannheim Baden-Württemberg MA
47%
Landkreis Aschaffenburg Bayern AB
45%
Stadt Ansbach Bayern AN
45%
Landkreis Ansbach Bayern AN
45%
Stadt Bamberg Bayern BA
45%
Stadt Darmstadt Hessen DA
45%
Stadt Essen Nordrhein-Westfalen E
45%
Stadt Erlangen Bayern ER
45%
Stadt Flensburg Schleswig-Holstein FL
45%
Stadt Fürth Bayern
45%
Landkreis Fürth Bayern
45%
Stadt Gera Thüringen G
45%
Landkreis Gießen Hessen GI
45%
Landkreis Göttingen Niedersachsen
45%
Stadt Halle (Saale) Sachsen-Anhalt HAL
45%
Stadt Bremerhaven Bremen HB
45%
Stadtkreis Karlsruhe Baden-Württemberg KA
45%
Landkreis Karlsruhe Baden-Württemberg KA
45%
Stadt Kassel Hessen KS
45%
Landkreis Kassel Hessen KS
45%
Stadt Münster Nordrhein-Westfalen MS
45%
Stadt Passau Bayern PA
45%
Stadt Regensburg Bayern R
45%
Landkreis Regensburg Bayern R
45%
Landkreis Amberg-Sulzbach Bayern AS
43%
Landkreis Aurich Niedersachsen AUR
43%
Stadt Bottrop Nordrhein-Westfalen BOT
43%
Landeshauptstadt Erfurt Thüringen EF
43%
Stadt Emden Niedersachsen EMD
43%
Landkreis Esslingen Baden-Württemberg ES
43%
Landkreis Forchheim Bayern FO
43%
Stadtkreis Freiburg im Breisgau Baden-Württemberg FR
43%
Stadt Hof Bayern HO
43%
Landkreis Hof Bayern HO
43%
Stadt Köln Nordrhein-Westfalen K
43%
Stadt Krefeld Nordrhein-Westfalen KR
43%
Stadt Leipzig Sachsen L
43%
Landkreis Leipzig Sachsen L
43%
Landeshauptstadt Mainz Rheinland-Pfalz MZ
43%
Landkreis Nordfriesland Schleswig-Holstein NF
43%
Stadt Oberhausen Nordrhein-Westfalen OB
43%
Landkreis Offenbach Hessen OF
43%
Stadt Oldenburg Niedersachsen OL
43%
Landkreis Oldenburg Niedersachsen OL
43%
Landkreis Passau Bayern PA
43%
Stadtkreis Baden-Baden Baden-Württemberg BAD
40%
Landkreis Birkenfeld Rheinland-Pfalz BIR
40%
Stadt Cottbus Brandenburg CB
40%
Landkreis Cloppenburg Niedersachsen CLP
40%
Kreis Coesfeld Nordrhein-Westfalen COE
40%
Landkreis Calw Baden-Württemberg CW
40%
Landkreis Darmstadt-Dieburg Hessen DA
40%
Landkreis Deggendorf Bayern DEG
40%
Kreis Düren Nordrhein-Westfalen DN
40%
Kreis Euskirchen Nordrhein-Westfalen EU
40%
Landkreis Fulda Hessen FD
40%
Stadt Gelsenkirchen Nordrhein-Westfalen GE
40%
Stadt Hagen Nordrhein-Westfalen HA
40%
Stadt Hamm Nordrhein-Westfalen HAM
40%
Stadt Herne Nordrhein-Westfalen HER
40%
Landeshauptstadt Kiel Schleswig-Holstein KI
40%
Stadt Kaiserslautern Rheinland-Pfalz KL
40%
Landkreis Kaiserslautern Rheinland-Pfalz KL
40%
Stadt Koblenz Rheinland-Pfalz KO
40%
Stadt Leverkusen Nordrhein-Westfalen LEV
40%
Kreis Lippe Nordrhein-Westfalen LIP
40%
Stadt Nürnberg Bayern N
40%
Stadt Osnabrück Niedersachsen OS
40%
Landkreis Osnabrück Niedersachsen OS
40%
Landkreis Altenkirchen (Westerwald) Rheinland-Pfalz AK
38%
Landkreis Böblingen Baden-Württemberg BB
38%
Landkreis Cham Bayern CHA
38%
Landkreis Eichstätt Bayern EI
38%
Landkreis Eichsfeld Thüringen EIC
38%
Landkreis Emmendingen Baden-Württemberg EM
38%
Landkreis Germersheim Rheinland-Pfalz GER
38%
Hansestadt Lübeck Schleswig-Holstein HL
38%
Kreis Höxter Nordrhein-Westfalen HX
38%
Kreis Kleve Nordrhein-Westfalen KLE
38%
Landkreis Kusel Rheinland-Pfalz KUS
38%
Stadt Mönchengladbach Nordrhein-Westfalen MG
38%
Stadt Memmingen Bayern MM
38%
Stadt Offenbach am Main Hessen OF
38%
Landeshauptstadt Potsdam Brandenburg P
38%
Landkreis Peine Niedersachsen PE
38%
Kreis Pinneberg Schleswig-Holstein PI
38%
Landkreis Barnim Brandenburg BAR
36%
Landkreis Berchtesgadener Land Bayern BGL
36%
Kreis Borken Nordrhein-Westfalen BOR
36%
Landkreis Dachau Bayern DAH
36%
Stadt Delmenhorst Niedersachsen DEL
36%
Stadt Frankfurt (Oder) Brandenburg FF
36%
Kreis Gütersloh Nordrhein-Westfalen GT
36%
Stadtkreis Heidelberg Baden-Württemberg HD
36%
Hansestadt Rostock Mecklenburg-Vorpommern HRO
36%
Stadt Kempten (Allgäu) Bayern KE
36%
Landkreis Kulmbach Bayern KU
36%
Landkreis Leer Niedersachsen LER
36%
Landkreis Lindau (Bodensee) Bayern LI
36%
Landeshauptstadt Magdeburg Sachsen-Anhalt MD
36%
Kreis Paderborn Nordrhein-Westfalen PB
36%
Stadtkreis Pforzheim Baden-Württemberg PF
36%
Kreis Plön Schleswig-Holstein PLÖ
36%
Landkreis Regen Bayern REG
36%
Stadt Rosenheim Bayern RO
36%
Landkreis Rosenheim Bayern RO
36%
Stadt Remscheid Nordrhein-Westfalen RS
36%
Landeshauptstadt Stuttgart Baden-Württemberg S
36%
Landkreis Alzey-Worms Rheinland-Pfalz AZ
34%
Landkreis Bautzen Sachsen BZ
34%
Stadt Dessau-Roßlau Sachsen-Anhalt DE
34%
Landkreis Ebersberg Bayern EBE
34%
Landkreis Erding Bayern ED
34%
Landkreis Elbe-Elster Brandenburg EE
34%
Landkreis Erlangen-Höchstadt Bayern ERH
34%
Landkreis Garmisch-Partenkirchen Bayern GAP
34%
Kreis Groß-Gerau Hessen GG
34%
Landkreis Göppingen Baden-Württemberg GP
34%
Landkreis Goslar Niedersachsen GS
34%
Kreis Herford Nordrhein-Westfalen HF
34%
Landkreis Hildesheim Niedersachsen HI
34%
Landkreis Lörrach Baden-Württemberg
34%
Kreis Mettmann Nordrhein-Westfalen ME
34%
Main-Kinzig-Kreis Hessen MKK
34%
Landkreis Neu-Ulm Bayern NU
34%
Kreis Olpe Nordrhein-Westfalen OE
34%
Landkreis Rastatt Baden-Württemberg RA
34%
Kreis Recklinghausen Nordrhein-Westfalen RE
34%
Landkreis Reutlingen Baden-Württemberg RT
34%
Landkreis Ravensburg Baden-Württemberg RV
34%
Stadt Trier Rheinland-Pfalz TR
34%
Landkreis Trier-Saarburg Rheinland-Pfalz TR
34%
Landkreis Tübingen Baden-Württemberg
34%
Stadtkreis Ulm Baden-Württemberg UL
34%
Kreis Unna Nordrhein-Westfalen UN
34%
Stadt Worms Rheinland-Pfalz WO
34%
Eifelkreis Bitburg-Prüm Rheinland-Pfalz BIT
32%
Stadt Bayreuth Bayern BT
32%
Landkreis Bayreuth Bayern BT
32%
Landkreis Cochem-Zell Rheinland-Pfalz COC
32%
Erzgebirgskreis Sachsen ERZ
32%
Landkreis Fürstenfeldbruck Bayern FFB
32%
Landkreis Gifhorn Niedersachsen GF
32%
Stadtkreis Heilbronn Baden-Württemberg HN
32%
Landkreis Heilbronn Baden-Württemberg HN
32%
Landkreis Konstanz Baden-Württemberg KN
32%
Landkreis Ludwigsburg Baden-Württemberg LB
32%
Lahn-Dill-Kreis Hessen LDK
32%
Landkreis Meißen Sachsen MEI
32%
Stadt Mülheim an der Ruhr Nordrhein-Westfalen MH
32%
Landkreis Miltenberg Bayern MIL
32%
Main-Taunus-Kreis Hessen MTK
32%
Landkreis Mainz-Bingen Rheinland-Pfalz MZ
32%
Landkreis Neunkirchen Saarland NK
32%
Landkreis Oberallgäu Bayern OA
32%
Landkreis Potsdam-Mittelmark Brandenburg PM
32%
Landkreis Prignitz Brandenburg PR
32%
Stadt Wuppertal Nordrhein-Westfalen W
32%
Stadt Würzburg Bayern
32%
Landkreis Würzburg Bayern
32%
Landkreis Friesland Niedersachsen FRI
30%
Landkreis Freising Bayern FS
30%
Hochsauerlandkreis Nordrhein-Westfalen HSK
30%
Zulassungsbezirk Hanau Hessen HU
30%
Stadt Kaufbeuren Bayern KF
30%
Kyffhäuserkreis Thüringen KYF
30%
Märkischer Kreis Nordrhein-Westfalen MK
30%
Vogtlandkreis Sachsen V
30%
Kreis Wesel Nordrhein-Westfalen WES
30%
Landeshauptstadt Wiesbaden Hessen WI
30%
Landkreis Zwickau Sachsen Z
30%
Landkreis Diepholz Niedersachsen DH
28%
Ennepe-Ruhr-Kreis Nordrhein-Westfalen EN
28%
Stadt Frankenthal (Pfalz) Rheinland-Pfalz FT
28%
Landkreis Heidenheim Baden-Württemberg HDH
28%
Landkreis Havelland Brandenburg HVL
28%
Landkreis Harz Sachsen-Anhalt HZ
28%
Landkreis Landsberg am Lech Bayern LL
28%
Landkreis Miesbach Bayern MB
28%
Rhein-Kreis Neuss Nordrhein-Westfalen NE
28%
Landkreis Nienburg/Weser Niedersachsen NI
28%
Landkreis Roth Bayern RH
28%
Regionalverband Saarbrücken Saarland SB
28%
Kreis Soest Nordrhein-Westfalen SO
28%
Stadt Speyer Rheinland-Pfalz SP
28%
Landkreis Tuttlingen Baden-Württemberg TUT
28%
Landkreis Vechta Niedersachsen VEC
28%
Landkreis Verden Niedersachsen VER
28%
Kreis Viersen Nordrhein-Westfalen VIE
28%
Stadt Wolfsburg Niedersachsen WOB
28%
Stadt Zweibrücken Rheinland-Pfalz ZW
28%
Landkreis Freudenstadt Baden-Württemberg FDS
26%
Landkreis Helmstedt Niedersachsen HE
26%
Landkreis Jerichower Land Sachsen-Anhalt JL
26%
Landkreis Kelheim Bayern KEH
26%
Stadt Landau in der Pfalz Rheinland-Pfalz LD
26%
Stadt Ludwigshafen am Rhein Rheinland-Pfalz LU
26%
Kreis Minden-Lübbecke Nordrhein-Westfalen MI
26%
Zulassungsbezirk Neubrandenburg Mecklenburg-Vorpommern NB
26%
Stadt Pirmasens Rheinland-Pfalz PS
26%
Landkreis Schweinfurt Bayern SW
26%
Landkreis Bad Tölz-Wolfratshausen Bayern TÖL
26%
Landkreis Uelzen Niedersachsen UE
26%
Stadt Weimar Thüringen WE
26%
Landkreis Biberach Baden-Württemberg BC
23%
Landkreis Greiz Thüringen GRZ
23%
Landkreis Günzburg Bayern GZ
23%
Landkreis Haßberge Bayern HAS
23%
Heidekreis Niedersachsen HK
23%
Ilm-Kreis Thüringen IK
23%
Stadt Landshut Bayern LA
23%
Landkreis Landshut Bayern LA
23%
Landkreis Main-Spessart Bayern MSP
23%
Stadt Neumünster Schleswig-Holstein NMS
23%
Landkreis Ostallgäu Bayern OAL
23%
Kreis Ostholstein Schleswig-Holstein OH
23%
Landkreis Osterholz Niedersachsen OHZ
23%
Landkreis Rottweil Baden-Württemberg RW
23%
Stadt Solingen Nordrhein-Westfalen SG
23%
Stadt Schweinfurt Bayern SW
23%
Stadt Salzgitter Niedersachsen SZ
23%
Westerwaldkreis Rheinland-Pfalz WW
23%
Landkreis Emsland Niedersachsen EL
21%
Landkreis Kitzingen Bayern KT
21%
Landkreis Oder-Spree Brandenburg LOS
21%
Landkreis Mayen-Koblenz Rheinland-Pfalz MYK
21%
Landkreis Neumarkt in der Oberpfalz Bayern NM
21%
Stadt Neustadt an der Weinstraße Rheinland-Pfalz NW
21%
Landkreis Nordwestmecklenburg Mecklenburg-Vorpommern NWM
21%
Landkreis Oberhavel Brandenburg OHV
21%
Kreis Siegen-Wittgenstein Nordrhein-Westfalen SI
21%
Kreis Steinfurt Nordrhein-Westfalen ST
21%
Landkreis Starnberg Bayern STA
21%
Landkreis Stade Niedersachsen STD
21%
Landkreis Traunstein Bayern TS
21%
Landkreis Vorpommern-Greifswald Mecklenburg-Vorpommern VG
21%
Landkreis Vorpommern-Rügen Mecklenburg-Vorpommern VR
21%
Stadt Wilhelmshaven Niedersachsen WHV
21%
Landkreis Anhalt-Bitterfeld Sachsen-Anhalt ABI
19%
Landkreis Hameln-Pyrmont Niedersachsen HM
19%
Landkreis Holzminden Niedersachsen HOL
19%
Kreis Heinsberg Nordrhein-Westfalen HS
19%
Landkreis Bad Kreuznach Rheinland-Pfalz KH
19%
Landkreis Lüneburg Niedersachsen LG
19%
Landkreis Lichtenfels Bayern LIF
19%
Landkreis Limburg-Weilburg Hessen LM
19%
Landkreis Mühldorf am Inn Bayern
19%
Landkreis Neustadt an der Waldnaab Bayern NEW
19%
Landkreis Pfaffenhofen an der Ilm Bayern PAF
19%
Stadt Schwabach Bayern SC
19%
Kreis Segeberg Schleswig-Holstein SE
19%
Landkreis Schwäbisch Hall Baden-Württemberg SHA
19%
Saale-Holzland-Kreis Thüringen SHK
19%
Landkreis Sigmaringen Baden-Württemberg SIG
19%
Landkreis Sonneberg Thüringen SON
19%
Zulassungsbezirk Wetzlar Hessen WZ
19%
Landkreis Altenburger Land Thüringen ABG
17%
Burgenlandkreis Sachsen-Anhalt BLK
17%
Landkreis Freyung-Grafenau Bayern FRG
17%
Landkreis Görlitz Sachsen GR
17%
Landkreis Gotha Thüringen GTH
17%
Zulassungsbezirk Greifswald Mecklenburg-Vorpommern HGW
17%
Landkreis Bad Kissingen Bayern KG
17%
Landkreis Rostock Mecklenburg-Vorpommern LRO
17%
Landkreis Marburg-Biedenkopf Hessen MR
17%
Landkreis Neustadt an der Aisch-Bad Windsheim Bayern NEA
17%
Landkreis Neuwied Rheinland-Pfalz NR
17%
Landkreis Rotenburg (Wümme) Niedersachsen ROW
17%
Rhein-Pfalz-Kreis Rheinland-Pfalz RP
17%
Landkreis Saarlouis Saarland SLS
17%
Landkreis Sömmerda Thüringen SÖM
17%
Landkreis Südliche Weinstraße Rheinland-Pfalz SÜW
17%
Landkreis Teltow-Fläming Brandenburg TF
17%
Unstrut-Hainich-Kreis Thüringen UH
17%
Landkreis Uckermark Brandenburg UM
17%
Vogelsbergkreis Hessen VB
17%
Zulassungsbezirk Völklingen Saarland VK
17%
Landkreis Wittenberg Sachsen-Anhalt WB
17%
Landkreis Wittmund Niedersachsen WTM
17%
Landkreis Donau-Ries Bayern DON
15%
Landkreis Bad Dürkheim Rheinland-Pfalz DÜW
15%
Bodenseekreis Baden-Württemberg FN
15%
Landkreis Hersfeld-Rotenburg Hessen HEF
15%
Landkreis Kronach Bayern KC
15%
Landkreis Dahme-Spreewald Brandenburg LDS
15%
Landkreis Ludwigslust-Parchim Mecklenburg-Vorpommern LUP
15%
Landkreis Merzig-Wadern Saarland MZG
15%
Landkreis Oberspreewald-Lausitz Brandenburg OSL
15%
Kreis Rendsburg-Eckernförde Schleswig-Holstein RD
15%
Saalekreis Sachsen-Anhalt SK
15%
Saale-Orla-Kreis Thüringen SOK
15%
Landkreis Spree-Neiße Brandenburg SPN
15%
Landkreis Wolfenbüttel Niedersachsen WF
15%
Ostalbkreis Baden-Württemberg AA
13%
Stadt Brandenburg an der Havel Brandenburg BRB
13%
Landkreis Dingolfing-Landau Bayern DGF
13%
Landkreis Breisgau-Hochschwarzwald Baden-Württemberg FR
13%
Zulassungsbezirk Stralsund Mecklenburg-Vorpommern HST
13%
Zulassungsbezirk St. Ingbert Saarland IGB
13%
Landkreis Märkisch-Oderland Brandenburg MOL
13%
Landkreis Mansfeld-Südharz Sachsen-Anhalt MSH
13%
Landkreis Nordhausen Thüringen NDH
13%
Landkreis Ostprignitz-Ruppin Brandenburg OPR
13%
Stadt Suhl Thüringen SHL
13%
Landeshauptstadt Schwerin Mecklenburg-Vorpommern SN
13%
Stadt Straubing Bayern SR
13%
Landkreis Straubing-Bogen Bayern SR
13%
Rhein-Sieg-Kreis Nordrhein-Westfalen SU
13%
Landkreis Tirschenreuth Bayern TIR
13%
Landkreis Lüchow-Dannenberg Niedersachsen DAN
11%
Landkreis Dillingen an der Donau Bayern DLG
11%
Kreis Bergstraße Hessen HP
11%
Zulassungsbezirk Wismar Mecklenburg-Vorpommern HWI
11%
Neckar-Odenwald-Kreis Baden-Württemberg MOS
11%
Landkreis Mecklenburgische Seenplatte Mecklenburg-Vorpommern MSE
11%
Landkreis Northeim Niedersachsen NOM
11%
Enzkreis Baden-Württemberg PF
11%
Altmarkkreis Salzwedel Sachsen-Anhalt SAW
11%
Landkreis Stendal Sachsen-Anhalt SDL
11%
Landkreis Schleswig-Flensburg Schleswig-Holstein SL
11%
Alb-Donau-Kreis Baden-Württemberg UL
11%
Kreis Warendorf Nordrhein-Westfalen WAF
11%
Landkreis Waldshut Baden-Württemberg WT
11%
Landkreis Börde Sachsen-Anhalt BK
9%
Landkreis Neuburg-Schrobenhausen Bayern ND
9%
Landkreis Schwandorf Bayern SAD
9%
Landkreis Saalfeld-Rudolstadt Thüringen SLF
9%
Salzlandkreis Sachsen-Anhalt SLK
9%
Landkreis Schmalkalden-Meiningen Thüringen SM
9%
Main-Tauber-Kreis Baden-Württemberg TBB
9%
Landkreis Nordsachsen Sachsen TDO
9%
Stadt Weiden in der Oberpfalz Bayern WEN
9%
Landkreis Bernkastel-Wittlich Rheinland-Pfalz WIL
9%
Rems-Murr-Kreis Baden-Württemberg WN
9%
Landkreis St. Wendel Saarland WND
9%
Landkreis Wunsiedel im Fichtelgebirge Bayern WUN
9%
Odenwaldkreis Hessen ERB
6%
Landkreis Mittelsachsen Sachsen FG
6%
Rheinisch-Bergischer Kreis Nordrhein-Westfalen GL
6%
Landkreis Hildburghausen Thüringen HBN
6%
Rhein-Neckar-Kreis Baden-Württemberg HD
6%
Saarpfalz-Kreis Saarland HOM
6%
Hohenlohekreis Baden-Württemberg KÜN
6%
Ortenaukreis Baden-Württemberg OG
6%
Landkreis Sächsische Schweiz-Osterzgebirge Sachsen PIR
6%
Wartburgkreis Thüringen WAK
6%
Landkreis Ammerland Niedersachsen WST
6%
Landkreis Weißenburg-Gunzenhausen Bayern WUG
6%
Zollernalbkreis Baden-Württemberg BL
4%
Landkreis Vulkaneifel Rheinland-Pfalz DAU
4%
Rhein-Lahn-Kreis Rheinland-Pfalz EMS
4%
Werra-Meißner-Kreis Hessen ESW
4%
Wetteraukreis Hessen FB
4%
Kreis Dithmarschen Schleswig-Holstein HEI
4%
Hochtaunuskreis Hessen HG
4%
Schwalm-Eder-Kreis Hessen HR
4%
Landkreis Nürnberger Land Bayern LAU
4%
Landkreis Rhön-Grabfeld Bayern NES
4%
Landkreis Grafschaft Bentheim Niedersachsen NOH
4%
Kreis Stormarn Schleswig-Holstein OD
4%
Landkreis Südwestpfalz Rheinland-Pfalz PS
4%
Rheingau-Taunus-Kreis Hessen RÜD
4%
Kreis Herzogtum Lauenburg Schleswig-Holstein RZ
4%
Rhein-Hunsrück-Kreis Rheinland-Pfalz SIM
4%
Schwarzwald-Baar-Kreis Baden-Württemberg VS
4%
Landkreis Harburg Niedersachsen WL
4%
Landkreis Weilheim-Schongau Bayern WM
4%
Landkreis Weimarer Land Thüringen AP
2%
Rhein-Erft-Kreis Nordrhein-Westfalen BM
2%
Landkreis Wesermarsch Niedersachsen BRA
2%
Oberbergischer Kreis Nordrhein-Westfalen GM
2%
Kreis Steinburg Schleswig-Holstein IZ
2%
Landkreis Waldeck-Frankenberg Hessen KB
2%
Donnersbergkreis Rheinland-Pfalz KIB
2%
Landkreis Unterallgäu Bayern MN
2%
Landkreis Rottal-Inn Bayern PAN
2%
Landkreis Schaumburg Niedersachsen SHG
2%
Keine übereinstimmenden Quizze gefunden
Verteilung der Resultate
Anzahl Personen mit jedem Resultat
Perzentil nach korrekt beantworteten Fragen
Ihre Resultats-Entwicklung
Sie haben dieses Quiz noch nicht gespielt